Pledge of Allegiance Quiz Stats

 Plays Quiz Updated Mar 18, 2020

     
Support Sporcle.
Go Orange.
Score 0/31 Timer 02:00
2 Plays Today
% Correct
I
99.9%
pledge
98%
to
96.3%
the
96%
flag
95%
Allegiance
94.4%
of
94.2%
the
94%
United
93.9%
States
93.8%
of
93.6%
America
93.5%
and
89.5%
to
87.9%
the
87.5%
which
85.4%
% Correct
Republic
85.3%
for
85.1%
it
85.1%
stands,
85%
one
84.7%
nation
84.5%
under
84%
God,
83.9%
and
77.7%
all.
77.6%
for
77.6%
Justice
77.5%
Liberty
77%
indivisible,
76.1%
with
76.1%

From the Vault

One Minute Sudoku

by PatentExaminer

To help you finish in a minute, we cut the number of digits significantly.
Remove Ads.
Support Sporcle.
Get the best of Sporcle when you Go Orange. This ad-free experience offers more features, more stats, and more fun while also helping to support Sporcle. Thank you for becoming a member.

Show Comments

Extras

Top Quizzes Today


Score Distribution

Your Account Isn't Verified!

In order to create a playlist on Sporcle, you need to verify the email address you used during registration. Go to your Sporcle Settings to finish the process.

Report this User

Report this user for behavior that violates our Community Guidelines.

Details: